| 000 | 00811cam a22002411 4500 | ||
|---|---|---|---|
| 001 | gs 33000412 | ||
| 003 | DLC | ||
| 005 | 20260227111338.0 | ||
| 008 | 821214s1933 dcuab 000 0 eng | ||
| 010 | _ags 33000412 | ||
| 035 | _a(OCoLC)29098661 | ||
| 040 |
_aDLC _cMnU _dOCoLC _dDLC |
||
| 043 | _an-us-tn | ||
| 050 | 0 | 0 |
_aTC801 _b.U2 no. 656 |
| 100 | 1 |
_aWells, Francis Garritt, _d1898- |
|
| 245 | 0 | 0 | _aGround-water resources of western Tennessee, |
| 260 |
_aWashington, _bU.S. Govt. print. off., _c1933. |
||
| 300 |
_avii, 319 p. _bincl. illus., tables, diagrs. 16 pl. (part fold. ; incl. maps (3 in pocket)) _c23 cm. |
||
| 650 | 0 |
_aGroundwater _zTennessee. |
|
| 650 | 0 |
_aWater-supply _zTennessee. |
|
| 700 | 1 |
_aFoster, Margaret D. _q(Margaret Dorothy), _d1895- |
|
| 710 | 1 |
_aTennessee. _bDivision of Geology. |
|
| 999 |
_c27056 _d27056 |
||